• 首页
  • 本馆介绍
  • 公告通知
  • 最新文献
  • 馆藏检索
  • 电子资源
  • 读者导购
  • 参考咨询
  • 我的图书馆
  • 登录
  • 详细信息显示
  • 放入我的书架
  • 预约/预借图书
  • 作者相关作品
  • 分类相关作品
  • 丛书相关作品
  • 出版社相关作品

书目信息

  • 表格格式
  • 工作单格式
  • 卡片格式
题名:
政治学
    
 
作者: 亚里士多德 著
分册:  
出版信息: 南昌   江西教育出版社  2014.01
页数: 371页
开本: 23cm
丛书名: 了如指掌
单 册:
中图分类: B502.233 , B502.233 , D0
科图分类:
主题词: 政治学--古希腊--zheng zhi xue , 政治学--古希腊--zheng zhi xue , 政治理论
电子资源:
ISBN: 978-7-5392-7252-8
000 01071nam0 2200313 450
001 2924
001 01XX10564604@CSLN
005 20161207085113.00
010    @a978-7-5392-7252-8@dCNY29.80
100    @a20140401d2014 em y0chiy50 ea
101 1  @achi@cgre
102    @aCN@b360000
105    @ay z 000yy
200 1  @a政治学@d= The politics@zeng@f(古希腊) 亚里士多德著@fAristotle@Azheng zhi xue
210    @a南昌@c江西教育出版社@d2014.01
215    @a371页@d23cm
225 2  @a了如指掌@i西学正典@v139@Aliao ru zhi zhang
330    @a本书是古希腊第一部全面、系统论述政治问题的著作。在本书中, 亚里士多德的十分广泛, 涉及国家 (城邦) 的目的、起源、产生、衰败及保全。
410  0 @12001
510 1  @aPolitics@zeng
606 0  @a政治学@x古希腊@Azheng zhi xue
606    @a政治学@x古希腊@Azheng zhi xue
606 0  @a政治理论
690    @aB502.233@v5
690    @aB502.233@v5
690    @aD0@v4
701  0 @a亚里士多德@f前384-前322@g(Aristotle),@4著@Aya li shi duo de
801  0 @aCN@b大连网信软件有限公司图书馆·11@c20161207
905    @aZUCC@dB502.233@e80
    
    政治学= The politics/(古希腊) 亚里士多德著/Aristotle.-南昌:江西教育出版社,2014.01
    371页;23cm.-(了如指掌.西学正典;139)
    
    
    ISBN 978-7-5392-7252-8:CNY29.80
    本书是古希腊第一部全面、系统论述政治问题的著作。在本书中, 亚里士多德的十分广泛, 涉及国家 (城邦) 的目的、起源、产生、衰败及保全。
●
相关链接 在E读中查询图书 在五车中查询图书 在当当中查询图书 在豆瓣中查询图书


正题名:政治学     索取号:B502.233/80         预约/预借

序号 登录号 条形码 馆藏地/架位号 状态 备注
1 911654   209116543   第一样本阅览室/ [索取号:B502.233/80] 在馆    
2 911655   209116552   第一借阅区/ [索取号:B502.233/80] 在馆    
3 911656   209116561   第一借阅区/ [索取号:B502.233/80] 在馆    
4 911657   209116570   第一借阅区/ [索取号:B502.233/80] 在馆    
5 911658   209116589   第一借阅区/ [索取号:B502.233/80] 在馆    
唐山师范学院图书馆 欢迎您!
大连网信软件有限公司© 版权所有